| 000 | 00553cam a22001814a 4500 | ||
|---|---|---|---|
| 020 | _a041529925X | ||
| 082 | 0 | 0 |
_a695 _bCAS _cN-01, P-108 |
| 100 | 1 |
_aCash, Carl G. _945589 |
|
| 245 | 1 | 0 |
_aRoofing failures / _cCarl G. Cash. |
| 260 |
_aLondon ; _aNew York : _bSpon, _c2003. |
||
| 300 |
_axviii, 253 p. : _bill. ; _c25 cm. |
||
| 526 |
_a0 _b0 _c0 _d695_000000000000000_CAS |
||
| 650 | 0 | _aBuilding failures. | |
| 650 | 0 |
_aMCE _9379 |
|
| 650 | 0 |
_aRoofing. _943869 |
|
| 856 | 4 | 2 | _uhttp://www.loc.gov/catdir/enhancements/fy0701/2002155094-d.html |
| 942 |
_2ddc _cBK |
||
| 999 |
_c549068 _d549068 |
||